000 00894nac a22002651i 4500
003 EG-ScBUE
005 20250310093811.0
008 250310t2002 gw a f b 001 0 eng d
020 _a3540433422 (alk. paper)
020 _a9783540433422
040 _aEG-ScBUE
_beng
_erda
_cEG-ScBUE
_dEG-ScBUE
082 0 4 _a530.12
_bMAR
_222
100 1 _aMarchildon, Louis,
_eauthor.
245 1 0 _aQuantum mechanics :
_bfrom basic principles to numerical methods and applications /
_cLouis Marchildon.
264 1 _aBerlin ;
_aNew York :
_bSpringer,
_c[2002]
264 4 _cc2002
300 _axvi, 560 pages :
_billustrations ;
_c25 cm
336 _2rdacontent
_atext
_btxt
337 _aunmediated
_2rdamedia
_bn
338 _avolume
_bnc
_2rdacarrier
504 _aIncludes bibliographical references and index.
650 7 _aQuantum theory.
_2BUEsh
655 _vReading book
942 _cBB
_2ddc
999 _c2205
_d2205